Famous Pairs Quiz Stats

 Plays Quiz Updated Nov 12, 2013

     
Support Sporcle.
Go Orange.
Score 0/30 Timer 05:00
9 Plays Today
Pair 1 Pair 2 % Correct
RomeoJuliet
98.7%
Dr. JekyllMr. Hyde
96.4%
BeavisButthead
93.5%
HanselGretel
91.6%
Ladythe Tramp
91.1%
ThelmaLouise
89.6%
SonnyCher
86.8%
BertErnie
85%
DavidGoliath
83.4%
ChipDale
81.9%
LewisClark
81.5%
Butch CassidySundance Kid
80.5%
ItchyScratchy
80.1%
Pinkythe Brain
78.7%
SiegfriedRoy
77.8%
Pair 1 Pair 2 % Correct
AbbottCostello
75.4%
BarnumBailey
70.2%
MorkMindy
69.5%
WallaceGromit
68.1%
Foxthe Hound
67.9%
RodgersHammerstein
58.3%
HatfieldMcCoy
46.2%
PorgyBess
45.6%
AmosAndy
42.4%
Jasonthe Argonauts
36.3%
AntiguaBarbuda
29.2%
St. Vincentthe Grenadines
25.9%
CastorPollux
21.8%
NewfoundlandLabrador
20%
ArloJanis
6.8%

From the Vault

Movie Character Rainbow

by Tolkienite

Movies 6m
Is there a pot of gold at the end? Probably not, but you should play this quiz anyway.
Remove Ads.
Support Sporcle.
Get the best of Sporcle when you Go Orange. This ad-free experience offers more features, more stats, and more fun while also helping to support Sporcle. Thank you for becoming a member.

Show Comments

Extras

Top Quizzes Today


Score Distribution

Your Account Isn't Verified!

In order to create a playlist on Sporcle, you need to verify the email address you used during registration. Go to your Sporcle Settings to finish the process.

Report this User

Report this user for behavior that violates our Community Guidelines.

Details: